Movies Quiz

Random Movies or Actor Quiz

Characters who die in the Scream Trilogy Quiz Stats

 Plays Quiz not verified by Sporcle

Score 0/25 Timer 05:00
0 Plays Today
Actor Character % Correct
ScreamCasey Becker
91.1%
ScreamBilly Loomis
80%
ScreamKenny
74.2%
ScreamTatum Riley
72%
ScreamStu Macher
72%
ScreamSteven Orth
69.3%
ScreamPrincipal Himbry
69.3%
Scream 2CiCi
61.8%
Scream 2Phil Stevens
58.7%
Scream 2Maureen Evans
58.2%
Scream 2Debbie SaltMrs. Loomis
46.7%
Scream 2Mickey
44%
Scream 3Cotton Weary
44%
Actor Character % Correct
Scream 3Christine
39.6%
Scream 2Randy Meeks
38.2%
Scream 2Derek
38.2%
Scream 3Sarah Darling
32%
Scream 2Hallie
29.8%
Scream 3Roman Bridger
28.4%
Scream 3Tom Prinze
20.4%
Scream 3John Milton
20%
Scream 3Jennifer Jolie
17.8%
Scream 3Tyson
17.3%
Scream 3Steven Stone
13.8%
Scream 3Angelina Tyler
13.3%

You're not logged in!

Compare scores with friends on all Sporcle quizzes.
OR
Log In

Show Comments

Extras

Top Quizzes Today


Score Distribution

Your Account Isn't Verified!

In order to create a playlist on Sporcle, you need to verify the email address you used during registration. Go to your Sporcle Settings to finish the process.

Report this User

Report this user for behavior that violates our Community Guidelines.

Details: